000 00998nam a2200265 i 4500
001 bg
100 1 _aJEZIERSKI, Grzegorz
245 1 0 _aPomiary emisji akustycznej w rurociągach pary wykonanych ze stali 13 HMF :
_bkatalog wyników /
_cGrzegorz Jezierski, Jerzy Skubis, Krzysztof Besztak.
260 _aOpole :
_bWSI,
_c1994.
300 _a171 s. :
_b1 fot., wykr. ;
_c24 cm.
490 1 _aStudia i Monografie / Wyższa Szkoła Inżynierska w Opolu,
_x0239-5991 ;
_vnr 79
504 _aBibliogr. s. 163-169. - Rez., summ.
650 9 _aAkustyka
_xstosowanie
_xtechnika
650 9 _aDiagnostyka techniczna
_xmetody
650 9 _aRurociągi
_xkontrola
_xmetody
650 9 _aSpawanie
_xkontrola
_xmetody
700 1 _aSKUBIS, Jerzy
700 1 _aBESZTAK, Krzysztof
830 0 _aStudia i Monografie (Wyższa Szkoła Inżynierska w Opolu) ;
_vnr 79
040 _cBPK
041 0 _apl
_benru
080 _a621.644:621.791/.795:534.8
942 _cKS
008 s pl f |000 0 pol
999 _c30534
_d30534
856 _uhttp://koha.tu.koszalin.pl/cgi-bin/koha/opac-detail.pl?biblionumber=30534
_yKatalog online BPK